| 000 | 00583nam a2200193 a 4500 | ||
|---|---|---|---|
| 001 | 3055 | ||
| 003 | CDMR | ||
| 005 | 20131118124133.0 | ||
| 008 | 130130s ||||||||||||||||||||||||||||d | ||
| 040 |
_aCDMR _bcat _cCDMR |
||
| 100 | 1 |
_92236 _aPella Forgas, Josep _d1852-1918 |
|
| 245 | 1 | 0 |
_aPeriodisme _b: estudis histórichs del de Catalunya _c[Josep Pella y Forgas] |
| 260 |
_a[Barcelona _bLa Renaixensa _cs.d] |
||
| 500 | _aRecull d'articles | ||
| 650 | 0 | 4 |
_91348 _aRenaixença |
| 650 | 0 | 4 |
_91524 _aPremsa _xHistòria _zCatalunya |
| 650 | 0 | 4 |
_94083 _aPremsa _vBibliografia |
| 942 |
_cFULLET _2udc |
||
| 999 |
_c3055 _d3055 |
||